QSO absorption lines (Record no. 9574)

MARC details
000 -LEADER
fixed length control field 00905nam a2200229Ia 4500
003 - CONTROL NUMBER IDENTIFIER
control field IN-BaIIA
008 - FIXED-LENGTH DATA ELEMENTS--GENERAL INFORMATION
fixed length control field 211028s9999 xx 000 0 eng d
020 ## - INTERNATIONAL STANDARD BOOK NUMBER
International Standard Book Number 0-521-34561-8
040 ## - CATALOGING SOURCE
Transcribing agency IIA Library
080 ## - UNIVERSAL DECIMAL CLASSIFICATION NUMBER
Universal Decimal Classification number 52-77:524.3-355.3
Item number QSO
100 ## - MAIN ENTRY--PERSONAL NAME
Personal name Blades, J. Chris
9 (RLIN) 16133
111 ## - MAIN ENTRY--MEETING NAME
Meeting name or jurisdiction name as entry element QSO Absorption Line Meeting on QSO Absorption Lines
Location of meeting Baltimore, USA
Date of meeting or treaty signing 1987 May 19-21
9 (RLIN) 16134
245 #0 - TITLE STATEMENT
Title QSO absorption lines
Remainder of title proceedings of the QSO absorption line meeting on QSO absorption lines, held in Baltimore, USA, May 19-21, 1987
Statement of responsibility, etc. J. Chris Blades
260 ## - PUBLICATION, DISTRIBUTION, ETC.
Place of publication, distribution, etc. Cambridge
Name of publisher, distributor, etc. Cambridge University Press
Date of publication, distribution, etc. 1988
300 ## - PHYSICAL DESCRIPTION
Extent viii, 348p.
490 ## - SERIES STATEMENT
Series statement Space telescope science institute symposium series; 2
650 ## - SUBJECT ADDED ENTRY--TOPICAL TERM
Topical term or geographic name entry element Astronomy and astrophysics thesaurus
650 ## - SUBJECT ADDED ENTRY--TOPICAL TERM
Topical term or geographic name entry element Quasars
9 (RLIN) 1096
650 ## - SUBJECT ADDED ENTRY--TOPICAL TERM
Topical term or geographic name entry element Redshift
9 (RLIN) 8391
650 ## - SUBJECT ADDED ENTRY--TOPICAL TERM
Topical term or geographic name entry element Spectral lines
942 ## - ADDED ENTRY ELEMENTS (KOHA)
Koha item type Books
Holdings
Withdrawn status Lost status Damaged status Not for loan Home library Current library Shelving location Date acquired Total Checkouts Full call number Barcode Date last seen Date last checked out Price effective from Koha item type
        IIA Library-Bangalore IIA Library-Bangalore General Stacks   2 52-77:524.3-355.3/ QSO 10484 19/04/2025 11/03/2025   Books

Powered by Koha